Loading...
Sahithya manjari (m)
| Main Author: | |
|---|---|
| Format: | Printed Book |
| Published: |
Cheruthuruthy
Vallathol Grandalayam
1962
|
| LEADER | 00385nam a2200157 4500 | ||
|---|---|---|---|
| 082 | |||
| 100 | |a Narayana Menon, Vallathol | ||
| 245 | |a Sahithya manjari (m) | ||
| 250 | |||
| 260 | |a Cheruthuruthy |b Vallathol Grandalayam |c 1962 | ||
| 300 | |||
| 490 | |||
| 650 | |||
| 942 | |c BK | ||
| 999 | |c 221391 |d 221391 | ||
| 952 | |0 0 |1 0 |4 0 |7 0 |9 235524 |a SDE |b SDE |d 2019-12-12 |l 0 |p SDE676 |r 2019-12-12 |w 2019-12-12 |y BK | ||